States with limited recognition - Statistics

General Stats
  • This quiz has been taken 148 times
  • The average score is 9 of 23
Answer Stats
Claimant Years Answer % Correct
China 1971 - ? Taiwan
79%
Serbia 2008 - ? Kosovo
72%
Israel 1998 - ? Palestine
72%
Morocco 1976 - ? Western Sahara
65%
Ukraine 1992, 1994-95, 2014 Crimea
63%
Somalia 1991 - ? Somaliland
54%
China 1913 - 1951 Tibet
54%
Cyprus 1983 - ? Northern Cyprus
53%
Georgia 1991 - ? South Ossetia
49%
Moldova 1990 - ? Transnistria
41%
Georgia 1992 - ? Abkhazia
40%
USA 1861 - 1865 Confederacy
35%
Azerbaijan 1991 - ? Nagorno-Karabakh
34%
Russia 1991 - 2000 Chechnya
30%
New Zealand 2001 - ? Cook Islands
28%
New Zealand 2007 - ? Niue
26%
China 1932 - 1945 Manchukuo
23%
Nigeria 1967 - 1970 Biafra
22%
Somalia 1998 - ? Puntland
16%
Moldova 1990 - 1994 Gagauzia
13%
Bosnia 1992 - 1995 Srpska
12%
Mali 2012 Azawad
11%
Somalia 1998 - 2001 Jubaland
2%
No matching quizzes found
Score Distribution
Percent of People with Each Score
Percentile by Number Answered
Your Score History
You have not taken this quiz